Management of organizational behavior: (Record no. 197458)
[ view plain ]
| 000 -LEADER | |
|---|---|
| fixed length control field | 00841nam a2200241Ia 4500 |
| 005 - DATE AND TIME OF LATEST TRANSACTION | |
| control field | 20220204102052.0 |
| 008 - FIXED-LENGTH DATA ELEMENTS--GENERAL INFORMATION | |
| fixed length control field | 210716s2003 xx 000 0 und d |
| 020 ## - INTERNATIONAL STANDARD BOOK NUMBER | |
| International Standard Book Number | 8120320425 |
| 040 ## - CATALOGING SOURCE | |
| Transcribing agency | AIMIT LIBRARY |
| 041 ## - LANGUAGE CODE | |
| Language code of text/sound track or separate title | eng |
| 082 ## - DEWEY DECIMAL CLASSIFICATION NUMBER | |
| Classification number | 658.4 |
| Edition number | 8 |
| Item number | HERP |
| 100 ## - MAIN ENTRY--PERSONAL NAME | |
| Personal name | Hersey, Paul. |
| 9 (RLIN) | 16278 |
| 245 ## - TITLE STATEMENT | |
| Title | Management of organizational behavior: |
| Remainder of title | leading human resources / |
| Statement of responsibility, etc. | By Hersey Paul, Kenneth H. Blanchard and Dewey E. Johnson. |
| 250 ## - EDITION STATEMENT | |
| Edition statement | 8th ed. |
| 260 ## - PUBLICATION, DISTRIBUTION, ETC. | |
| Place of publication, distribution, etc. | New Delhi : |
| Name of publisher, distributor, etc. | Prentice Hall of India PVt Ltd , |
| Date of publication, distribution, etc. | 2003. |
| 300 ## - PHYSICAL DESCRIPTION | |
| Extent | Xxiv, 516p. ; |
| Dimensions | 23.5 cm. |
| 650 ## - SUBJECT ADDED ENTRY--TOPICAL TERM | |
| Topical term or geographic name entry element | Planning and implementing change |
| 9 (RLIN) | 16279 |
| 650 ## - SUBJECT ADDED ENTRY--TOPICAL TERM | |
| Topical term or geographic name entry element | Effective communication |
| 9 (RLIN) | 16374 |
| 650 ## - SUBJECT ADDED ENTRY--TOPICAL TERM | |
| Topical term or geographic name entry element | Diagnosing the environment |
| 9 (RLIN) | 16375 |
| 700 ## - ADDED ENTRY--PERSONAL NAME | |
| Personal name | Blanchard, Kenneth H. |
| 9 (RLIN) | 16376 |
| 700 ## - ADDED ENTRY--PERSONAL NAME | |
| Personal name | Johnson, Dewey E. |
| 9 (RLIN) | 16377 |
| 942 ## - ADDED ENTRY ELEMENTS (KOHA) | |
| Source of classification or shelving scheme | Dewey Decimal Classification |
| Koha item type | Book |
| Edition | 8th |
| Call number prefix | 658.4 HERP |
| Withdrawn status | Lost status | Source of classification or shelving scheme | Damaged status | Not for loan | Collection code | Home library | Current library | Shelving location | Date acquired | Cost, normal purchase price | Inventory number | Total Checkouts | Full call number | Barcode | Date last seen | Cost, replacement price | Price effective from | Koha item type |
|---|---|---|---|---|---|---|---|---|---|---|---|---|---|---|---|---|---|---|
| Dewey Decimal Classification | MBA | St Aloysius Institute of Management & Information Technology | St Aloysius Institute of Management & Information Technology | Organizational Behavior | 04/01/2004 | 195.00 | Bill no:454;Bill dt:2004-02-01 | 658.4 HERP | MBA00022 | 05/23/2026 | 156.00 | 07/16/2021 | Book | |||||
| Dewey Decimal Classification | MBA | St Aloysius Institute of Management & Information Technology | St Aloysius Institute of Management & Information Technology | Organizational Behavior | 04/01/2004 | 195.00 | Bill no:454; Bill dt:2004-02-01 | 658.4 HERP | MBA00023 | 05/23/2026 | 156.00 | 07/16/2021 | Book | |||||
| Dewey Decimal Classification | MBA | St Aloysius Institute of Management & Information Technology | St Aloysius Institute of Management & Information Technology | Organizational Behavior | 04/15/2004 | 195.00 | Bill no:5935;Bill dt:2004-03-30 | 658.4 HERP | MBA00325 | 05/23/2026 | 156.00 | 07/16/2021 | Book |